Quizzes
Events
Quiz Creation
Community
Videos
Private Events
Remove Ads
Sign In
Join for FREE
Feedback
Dark Mode
Quiz Categories
Sports
Geography
Music
Movies
Television
Just For Fun
Miscellaneous
History
Literature
Language
Science
Gaming
Entertainment
Religion
Holiday
For Kids
Quiz Lab
Recent
Popular Today
Quiz Kudos Today
Editor Picks
Curator Picks
Quizzes by...
Day
Popularity
Type
Ratings
Length
Year
Community
Subscriptions
Recent Discussions
Orange Saloon
Badges
Playlists
Quests
Create
Leaderboards
Showdown
Live 5
Trivia Bingo
Activity
Puzzle Library
Sporcle Events
Private Events
Virtual Trivia
Globe League
Become a Host
Pub Owners
SporcleCon
Opinionation
Our Games
Videos
Blog
Mobile Apps
Partnerships
Remove Ads and Go Orange
Feedback
Music
Pop Music
The Beatles
Song
Album
Lyrics
Bands
Singers
Artist
Clip
Rock
Rap
Classical
Billboard
Country Music
Kpop
Taylor Swift
Music
Pop Music
The Beatles
Song
Album
Lyrics
Bands
Singers
Artist
Clip
Rock
Rap
Classical
Billboard
Country Music
Kpop
Taylor Swift
Random Quiz
Search Sporcle
×
Quiz Lab
Quiz Lab
Music
Rap
Select answers by clicking on text or image buttons
Select answers by clicking on text or image buttons
Clickable
Best Score? Go Orange.
Baby Got Back (clickable lyrics) Stats
Can you pick the lyrics to Baby Got Back?
By
cupquake
6m
57 Questions
1,115 Plays
1,115 Plays
1,115 Plays
Comments
Comments
Give Quiz Kudos
Give Quiz Kudos
-
- Ratings
hide this ad
More Info
Forced Order
Answers have to be entered in order
Answers have to be entered in order
Replay
Link that replays current quiz
Next Quiz
Link to next quiz in quiz playlist
You Got
0%
They Got
Avg Score
64%
Avg Friend Score
Upgrade to see
Score Distribution
Jump to the score distribution portion of the page
Score
0/57
Timer
06:00
0
Plays Today
% Correct
And I cannot lie
97.6%
Can't deny
95.2%
You get sprung!
94.9%
With an itty bitty waist
94.6%
I'm hooked and I can't stop staring
87.7%
But that butt you got makes me so horny!
87.7%
And take your picture
87%
Got it goin' like a turbo 'Vette
85.2%
Shake that healthy butt!
85.1%
Cause you ain't that average groupie
84.7%
To hell with romancin'
84%
Has your girlfriend got the butt? (Hell yeah!)
82.8%
Sayin' flat butts are the thing
82.3%
You say you wanna get in my Benz?
76.1%
And big
75.6%
And ugh, double-up, ugh, ugh
73.6%
Bout Playboy
72.2%
Now here's my scandal
71.6%
Cause you notice that butt was stuffed
71.3%
Ask him that
71%
Much back
70.7%
Of that bubble
70.1%
Knock-kneed bimbos walkin' like hoes
69.2%
And I'm down to get the friction on
67.4%
Baby got back!
65.7%
I'll keep my women like Flo Jo
65%
Mix-a-Lot's in trouble
63.7%
Stick it out!
63.6%
If you wanna roll in my Mercedes (Yeah!)
63.5%
% Correct
Unless you've got buns, hun
62.1%
I just can't help myself
61.3%
Ha ha, only if she's 5'3'.
60.8%
I want 'em real thick and juicy
59.4%
Motor in the back of her Honda
59.4%
Side bends or sit ups
58.6%
Lose that butt
58.6%
I wanna get with ya
58.2%
Playin' workout tapes by Fonda
57.8%
Hit it and quit it
55.7%
Stay and play
55.7%
Cosmo ain't got nothin' to do with my selection.
53.6%
Well I ain't down with that!
53%
Wanna mmmm till the break of dawn
50.8%
Your curves are kickin'
49.9%
I pull up quick to retrieve it
47.5%
LA face with an Oakland booty! (Baby got back!)
46.9%
Tell you that the butt ain't gold
44.7%
Bout stickin'
44.5%
A lot of simps won't like this song
44.4%
But I gotta be straight
43.9%
You ain't it, Miss Thing!
43.8%
Red beans and rice didn't miss her
41.3%
Got back!
41.1%
And you want a triple X throw down,
39.8%
Cause his girls are on my list
39.6%
Kick them nasty thoughts!
39.5%
I pull up quick to get wit 'em
38.6%
Quiz Playlist
Details
Report
Send in Message
Add To Playlist
More Info:
Oh, my, God. Becky.
Clickable:
Select answers by clicking on text or image buttons
Forced Order:
Answers have to be entered in order
Quiz Source
Last Updated: Feb 16, 2017
Quiz Scoreboard
CHALLENGE
Sign Up to Join the Scoreboard
Show All
Scores
Hide
Comments
May contain spoilers
Recently Published
9x9 Crossword: Cartoon Network
by jackfrog10
Miscellaneous
3m
College Basketball Coaching Resumes
by pancakes188
Sports
9m
Billboard Blitz: Fleetwood Mac
by CooCooCachoo
Music
15s
More to Explore
Quiz From the Vault
Featured Blog Post
Where Did the Easter Bunny Come From?
hide this ad
You Might Also Like...
Tags
Lyrics Quiz
Rap Quiz
karaoke
Today's Top Quizzes in Music
Browse Music
hide this ad
Today's Top Quizzes in Rap
Browse Rap
Top Contributed Quizzes in Music
1
Taylor Swift All Songs (2024)
2
Guess the Artist- 70s Songs
3
7-to-1: Billboard Hot 100 #1 Hits of 2010s
4
Sorting Albums and Songs
5
Taylor Swift Logic Puzzle
6
KPOP LOGIC QUIZ
7
Guess the Taylor Swift song (Mystery Song)
8
One Thing in Common: Music
9
2010s Album by Cover III
10
Guess The Taylor Swift Lyrics Song #1
Explore More
Trending Topics
Crossword
Harry Potter
Kpop
NBA
Disney
Marvel
Anime
Song
Country
NFL
WWE
Puzzle
Soccer
The Office
Pokémon
hide this ad
More By:
cupquake
Quiz
Plays
Rating
Category
Featured
Created
Follow that Line: Pirates of the Caribbean
63,843
4.63
Movies
Sep 14, 2012
Character Profile: Indiana Jones
4,427
4.26
Movies
Dec 27, 2010
Guess the Villainous Disney Lyrics
2,614
5.00
Music
Dec 23, 2010
Guess the Disney Villainous Lyrics 3
1,887
4.10
Music
Dec 24, 2010
Guess the Villainous Disney Lyrics 5
1,567
5.00
Music
Dec 24, 2010
Go to Creator's Profile
Score Distribution
Quiz Creator Spotlight
cupquake
Follow
Send a Message
Quizzes Created
-
Created Quiz Play Count
-
More By This Creator
Popular Quizzes Today
1
Find the US States - No Outlines Minefield
2
Find the Countries of Europe - No Outlines Minefield
3
The Countries of the World
4
Find the US States
5
Risky Map Clicking: Biggest States A-Z
6
US States
7
Popular People in 1961
8
Movies - When Are They Set?
More Music Quizzes
Guess the Hamilton lyrics [25]
Quiz Lab
Trending Quizzes
Risky Map Clicking: Least Populous States A-Z
1-10 Letter G Words
1-10 Letter F Words
Risky Map Clicking: Next State Alphabetically
Adjectives in 80s TV Shows
Recently Updated
Leaping Animals
pecheneg
Reality TV Shows (A-Z)
bhenderson79
Rickey Henderson's Hall of Fame Teammates
pecheneg
Champions League XIs: Arsenal
pecheneg
Quick Pick: Celebrities in WWE's Hall of Fame
aduchscher
A-Z Keypad Blitz II
pecheneg
Multiple Oscar Actors
pecheneg
Mystery Phrase Blitz: Oscar 'Best Actors'
pecheneg
F. Scott Fitzgerald Novels
LTH
Pick 3 Villains
ddd62291
Trending Topics
NBA
Kpop
Anime
Harry Potter
Marvel
Disney
Crossword
Puzzle
Song
WWE
The Office
Country
Soccer
NFL
Pokémon
Your Account Isn't Verified!
In order to create a playlist on Sporcle, you need to verify the email address you used during registration. Go to your
Sporcle Settings
to finish the process.
Report this User
Report this user for behavior that violates our
Community Guidelines
.
Details:
Send Report
Go to the Sporcle.com Mobile Site →
Comments